| 000 | 00511nam a2200217Ia 4500 | ||
|---|---|---|---|
| 008 | 210210b1936 xxu||||| |||| 00| 0 eng d | ||
| 041 | _aeng | ||
| 082 | _a874/104 | ||
| 100 | _aAPPANTHAMBURAN | ||
| 245 | _aSamasthakerala shithya parishath vaka thraimasikam Vol V | ||
| 260 |
_a _b- _c1936 |
||
| 650 | _aVol | ||
| 650 | _avaka | ||
| 650 | _aV | ||
| 650 | _athraimasikam | ||
| 650 | _ashithya | ||
| 650 | _aSamasthakerala | ||
| 650 | _aparishath | ||
| 690 | _aMalayalam Criticism | ||
| 906 | _a002678 | ||
| 999 |
_c124645 _d124645 |
||